McCracken’s removable partial prosthodontics

Gardado en:
Detalles Bibliográficos
Autor Principal: CARR, Alan B
Formato: Libro
Idioma:inglés
Publicado: Elsevier 2016
Tags: Engadir etiqueta
Sen Etiquetas, Sexa o primeiro en etiquetar este rexistro!

MARC

LEADER 00000nam a22000007a 4500
008 201214b ||||| |||| 00| 0 eng d
020 |a  978-0-323-33990-2 
100 |a CARR, Alan B 
245 |a McCracken’s removable partial prosthodontics  |c Alan B. Carr [and] David T. Brown  |g  xi; 375p.; ill 
250 |b 13th ed 
260 |b Elsevier  |c 2016  |h St. Louis, Missouri  |i 685061  |l RK665 .C23   |m Partial dentures, Removable  |m Denture, Partial, Removable 
500 |a It includes bibliographical references and index 
942 |a lcc  |c BK  |e ADEYEYE Y. S.  |f 14/12/2020 
952 |0 0  |1 0  |2 lcc  |4 0  |7 0  |9 445  |a HOL  |b HOL  |c QZ  |d 2020-12-14  |o RK665 .C23  |p 2020-2174  |r 2020-12-14 00:00:00  |w 2020-12-14  |y BK 
999 |c 223  |d 223